[Event "III Open FIDE"]
[Site "Forli' ITA"]
[Date "1990.09.12"]
[Round "5"]
[White "Antonsen, Mikkel"]
[Black "Schneider, Bernd"]
[WhiteElo "2355"]
[BlackElo "2280"]
[Result "1/2-1/2"]
[PlyCount "90"]
[EventDate "1990.09.08"]

1. d4 Nf6 2. c4 c5 3. d5 b5 4. cxb5 a6 5. b6 Qxb6 6. Nc3 d6 7. e4 g6 8. a4 a5
9. f4 Bg7 10. Bb5+ Nfd7 11. Nf3 O-O 12. O-O Ba6 13. Qe2 Qd8 14. e5 Nb6 15. Rd1
Bb7 16. e6 f5 17. Ng5 Na6 18. Qf3 Nb4 19. Qh3 h5 20. Nf7 Qc8 21. Qg3 Rxf7 22.
exf7+ Kxf7 23. Be3 Nc2 24. Rac1 Nxe3 25. Qxe3 Bd4 26. Rxd4 cxd4 27. Qxd4 Qc5
28. Qxc5 dxc5 29. Be2 Rd8 30. Bf3 Nxd5 31. Nxd5 Bxd5 32. Rxc5 Bxf3 33. gxf3
Rd1+ 34. Kg2 Rd2+ 35. Kg3 h4+ 36. Kxh4 Rxh2+ 37. Kg3 Rxb2 38. Rxa5 Ra2 39. Ra7
Ke6 40. Ra8 Kf7 41. Ra6 Kg7 42. a5 Kf7 43. Ra8 Kg7 44. a6 Kf7 45. a7 Kg7
1/2-1/2

[Event "III Open FIDE"]
[Site "Forli' ITA"]
[Date "1990.09.12"]
[Round "5"]
[White "Arduman, Can"]
[Black "Malaniuk, Vladimir P."]
[WhiteElo "2375"]
[BlackElo "2480"]
[Result "1/2-1/2"]
[PlyCount "35"]
[EventDate "1990.09.08"]

1. d4 Nf6 2. Nf3 c6 3. c4 d6 4. Nc3 Nbd7 5. e4 e5 6. Be2 Be7 7. O-O O-O 8. h3
a6 9. Be3 b5 10. a3 Re8 11. Qc2 Bf8 12. Rfd1 g6 13. dxe5 dxe5 14. b4 Bb7 15.
Nd2 Rc8 16. Nb3 Qc7 17. c5 Be7 18. a4 1/2-1/2

[Event "III Open FIDE"]
[Site "Forli' ITA"]
[Date "1990.09.12"]
[Round "5"]
[White "Berg, Klaus"]
[Black "Tatai, Stefano"]
[WhiteElo "2445"]
[BlackElo "2415"]
[Result "1/2-1/2"]
[PlyCount "20"]
[EventDate "1990.09.08"]

1. d4 Nf6 2. Nf3 e6 3. e3 b6 4. Bd3 Bb7 5. O-O Be7 6. c4 O-O 7. Nc3 d5 8. b3 c5
9. cxd5 cxd4 10. Nxd4 Nxd5 1/2-1/2

[Event "III Open FIDE"]
[Site "Forli' ITA"]
[Date "1990.09.12"]
[Round "5"]
[White "Bretsnajdr, Vladimir"]
[Black "Werner, Dimo"]
[WhiteElo "2315"]
[BlackElo "2340"]
[Result "1/2-1/2"]
[PlyCount "39"]
[EventDate "1990.09.08"]

1. d4 Nf6 2. c4 g6 3. Nf3 Bg7 4. g3 O-O 5. Bg2 d6 6. Nc3 Nc6 7. O-O a6 8. d5
Na5 9. Nd2 Nd7 10. Qc2 Ne5 11. b3 c6 12. Bb2 b5 13. cxb5 cxb5 14. Nf3 Bf5 15.
e4 Nxf3+ 16. Bxf3 Bd7 17. Ne2 Rc8 18. Qd2 Bxb2 19. Qxb2 Qb6 20. Rac1 1/2-1/2

[Event "III Open FIDE"]
[Site "Forli' ITA"]
[Date "1990.09.12"]
[Round "5"]
[White "Casadei, Mauro"]
[Black "Polaczek, Richard"]
[WhiteElo "2205"]
[BlackElo "2420"]
[Result "0-1"]
[PlyCount "26"]
[EventDate "1990.09.08"]

1. d4 Nf6 2. c4 e6 3. Nc3 Bb4 4. Bg5 h6 5. Bh4 c5 6. d5 b5 7. e3 Bb7 8. Qf3
bxc4 9. Bxf6 Qxf6 10. Qxf6 gxf6 11. d6 Nc6 12. f4 Nd4 13. O-O-O Bxc3 0-1

[Event "III Open FIDE"]
[Site "Forli' ITA"]
[Date "1990.09.12"]
[Round "5"]
[White "Drei, Andrea"]
[Black "Stelzer, Harald"]
[WhiteElo "2265"]
[BlackElo "2240"]
[Result "1-0"]
[PlyCount "97"]
[EventDate "1990.09.08"]

1. e4 c5 2. Nf3 Nc6 3. d4 cxd4 4. Nxd4 Nf6 5. Nc3 d6 6. Bg5 e6 7. Qd2 Be7 8.
O-O-O O-O 9. f4 a6 10. Be2 Qc7 11. Nxc6 bxc6 12. Bxf6 gxf6 13. f5 Kh8 14. Qh6
Rg8 15. Rd3 Qd8 16. Rh3 Rg7 17. Rf1 e5 18. Rff3 Bb7 19. Bc4 Qg8 20. Rfg3 Rd8
21. Qh5 d5 22. Rxg7 Qxg7 23. Rg3 Qf8 24. Bb3 Rd7 25. Rd3 d4 26. Nd1 Bd8 27. Nf2
c5 28. Rg3 Rc7 29. Bc4 Bc6 30. Ng4 Bb5 31. Qh4 Rc6 32. Bxb5 axb5 33. Nh6 Bb6
34. Rg8+ Qxg8 35. Nxg8 Kxg8 36. Qg3+ Kf8 37. Qb3 Rc8 38. Qxb5 Bd8 39. Qb7 Rc7
40. Qd5 Be7 41. Qc4 Rb7 42. Qa6 Rc7 43. Qb6 Bd8 44. Qd6+ Ke8 45. a4 c4 46. a5
c3 47. a6 cxb2+ 48. Kxb2 d3 49. cxd3 1-0

[Event "III Open FIDE"]
[Site "Forli' ITA"]
[Date "1990.09.12"]
[Round "5"]
[White "Fries-Nielsen, Jens Ove"]
[Black "Atalik, Suat"]
[WhiteElo "2395"]
[BlackElo "2415"]
[Result "1/2-1/2"]
[PlyCount "39"]
[EventDate "1990.09.08"]

1. Nf3 Nf6 2. c4 e6 3. b3 b6 4. g3 Bb7 5. Bg2 Be7 6. Bb2 O-O 7. O-O c5 8. e3 a6
9. Qe2 d6 10. Nc3 Nbd7 11. d4 Ra7 12. e4 cxd4 13. Nxd4 Re8 14. Rad1 Qb8 15.
Rfe1 Bf8 16. Qc2 Ba8 17. Qb1 Rc7 18. h3 Ne5 19. a4 Nfd7 20. Kh2 1/2-1/2

[Event "III Open FIDE"]
[Site "Forli' ITA"]
[Date "1990.09.12"]
[Round "5"]
[White "Guerra, Ugo"]
[Black "Kaiser, Dieter"]
[WhiteElo "2340"]
[BlackElo "2290"]
[Result "1-0"]
[PlyCount "97"]
[EventDate "1990.09.08"]

1. e4 c5 2. Nf3 Nc6 3. d4 cxd4 4. Nxd4 Nf6 5. Nc3 d6 6. Bg5 Bd7 7. Qd2 Rc8 8.
O-O-O Nxd4 9. Qxd4 Qa5 10. Bxf6 gxf6 11. Kb1 Rg8 12. f4 Qc5 13. Qd3 a6 14. g3
b5 15. Rd2 e6 16. Bh3 b4 17. Nd5 exd5 18. Bxd7+ Kxd7 19. exd5 Kc7 20. Re1 Kb6
21. Rde2 Bg7 22. Qxh7 Rge8 23. Rxe8 Rxe8 24. Rc1 Bh8 25. Qxf7 Qb5 26. f5 a5 27.
h4 a4 28. Ka1 Rc8 29. Qe6 Qc5 30. g4 b3 31. c3 bxa2 32. Kxa2 Ra8 33. Qe4 Ka5
34. Rd1 Rb8 35. Rd4 Qb5 36. Rb4 Qe8 37. Qc4 Rxb4 38. Qxb4+ Ka6 39. Qxd6+ Kb5
40. c4+ Ka5 41. Qc7+ Ka6 42. Qc6+ Qxc6 43. dxc6 Bg7 44. Ka3 Bh6 45. Kxa4 Kb6
46. c7 Kxc7 47. Kb5 Be3 48. c5 Kb7 49. b4 1-0

[Event "III Open FIDE"]
[Site "Forli' ITA"]
[Date "1990.09.12"]
[Round "5"]
[White "Hug, Marcel"]
[Black "Pieri, Filippo"]
[WhiteElo "2265"]
[BlackElo "2305"]
[Result "0-1"]
[PlyCount "56"]
[EventDate "1990.09.08"]

1. d4 Nf6 2. Nf3 c5 3. d5 e6 4. c4 exd5 5. cxd5 d6 6. Nc3 g6 7. e4 Bg7 8. h3
O-O 9. Bd3 b5 10. O-O b4 11. Nb1 Ba6 12. Bxa6 Nxa6 13. Qd3 Nc7 14. a4 Re8 15.
Re1 Nd7 16. Nbd2 Qe7 17. Nc4 Nb6 18. Nce5 Qf8 19. Nc4 Nxc4 20. Qxc4 Kh8 21. Rb1
f5 22. Bf4 fxe4 23. Rxe4 Rxe4 24. Qxe4 Re8 25. Qc4 Qf5 26. Re1 Rxe1+ 27. Nxe1
Nxd5 28. Bxd6 Qe6 0-1

[Event "III Open FIDE"]
[Site "Forli' ITA"]
[Date "1990.09.12"]
[Round "5"]
[White "Magalotti, Andrea"]
[Black "Lagrotteria, Salvatore"]
[WhiteElo "2250"]
[BlackElo "2240"]
[Result "0-1"]
[PlyCount "122"]
[EventDate "1990.09.08"]

1. e4 e5 2. Nf3 Nf6 3. d4 Nxe4 4. Bd3 d5 5. Nxe5 Bd6 6. O-O O-O 7. c4 Bxe5 8.
dxe5 Be6 9. Qc2 f5 10. exf6 Nxf6 11. Bg5 h6 12. Re1 dxc4 13. Bh7+ Kh8 14. Rxe6
hxg5 15. Bg6 Nc6 16. Re3 g4 17. Na3 Nd4 18. Qxc4 Qd5 19. Rc1 Rad8 20. Be4 Qxc4
21. Rxc4 Nf5 22. Re1 Nd6 23. Bc2 Nxc4 24. Nxc4 Rfe8 25. Ne5 g5 26. b4 Kg7 27.
Bb3 Rd4 28. a3 Re4 29. Rxe4 Nxe4 30. f4 gxf4 31. Nxg4 Kg6 32. a4 Kg5 33. Nf2
Nxf2 34. Kxf2 Re3 35. Bd1 Rd3 36. Ke2 Ra3 37. Bc2 Rc3 38. Kd2 f3 39. gxf3 Rxf3
40. Be4 Ra3 41. a5 b6 42. axb6 axb6 43. Bd3 c6 44. Be4 Rb3 45. Bxc6 Rxb4 46. h3
Rh4 47. Bg2 Kf4 48. Kc3 Ke5 49. Bf1 Kd6 50. Kb3 Kc5 51. Bg2 b5 52. Bf1 Re4 53.
Kc3 Re3+ 54. Kd2 Rf3 55. Ke2 Rf4 56. Bg2 b4 57. Ke3 Rh4 58. Kd2 Kc4 59. Kc2 Rf4
60. Bc6 b3+ 61. Kb1 Kc3 0-1

[Event "III Open FIDE"]
[Site "Forli' ITA"]
[Date "1990.09.12"]
[Round "5"]
[White "Marinelli, Tullio"]
[Black "Barbero, Gerardo F."]
[WhiteElo "2355"]
[BlackElo "2475"]
[Result "0-1"]
[PlyCount "182"]
[EventDate "1990.09.08"]

1. d4 e6 2. c4 Bb4+ 3. Bd2 a5 4. e4 d6 5. Nc3 e5 6. a3 Bxc3 7. Bxc3 exd4 8.
Qxd4 Nf6 9. O-O-O Nc6 10. Qe3 Qe7 11. f3 a4 12. Ne2 O-O 13. g4 Nd7 14. h3 Nde5
15. Ng3 Na5 16. f4 Nb3+ 17. Kb1 Nc6 18. g5 Re8 19. Bd3 Nc5 20. Bc2 Qe6 21. Qe2
b6 22. Rde1 Ba6 23. Nh5 Bxc4 24. Qg2 Ba2+ 25. Ka1 Bb3 26. Nxg7 Qc4 27. Nxe8
Rxe8 28. Bxb3 Nxb3+ 29. Kb1 Nc5 30. e5 d5 31. Qf1 Qb3 32. g6 hxg6 33. e6 d4 34.
exf7+ Qxf7 35. Rxe8+ Qxe8 36. Bd2 Qe4+ 37. Ka2 Qd5+ 38. Kb1 Qf5+ 39. Ka2 Qe6+
40. Kb1 Qf5+ 41. Ka2 Qd5+ 42. Kb1 Ne4 43. Rh2 d3 44. Qd1 Nd4 45. Qg4 Qf5 46.
Rg2 Qxg4 47. hxg4 Nf3 48. Bc3 d2 49. Bxd2 Nexd2+ 50. Kc1 Nb3+ 51. Kd1 Nbd4 52.
Rg3 c5 53. f5 Kg7 54. fxg6 Kxg6 55. Rh3 Kg5 56. Rh8 Kxg4 57. Rb8 b5 58. Rc8 c4
59. Rf8 Kg5 60. Kc1 Kg6 61. Kd1 Kg5 62. Kc1 Kg4 63. Kd1 Kg3 64. Re8 Kf4 65. Kc1
Ng5 66. Rg8 Ne4 67. Rh8 Ke3 68. Rh3+ Ke2 69. Rh2+ Nf2 70. Kb1 Ke3 71. Ka1 Nd1
72. Kb1 Kd3 73. Kc1 Ne3 74. Rd2+ Ke4 75. Rh2 Nb3+ 76. Kb1 Kd3 77. Rh3 Nd4 78.
Ka2 Kd2 79. Rh4 Ndf5 80. Rh5 Kc2 81. Rh2+ Kc1 82. Rh5 Nd4 83. Rh4 Ndc2 84. Rh5
Nd4 85. Rh4 Ne2 86. Rh2 Nf4 87. Rh4 Nd3 88. Rh5 Nd1 89. Rxb5 N1xb2 90. Rh5 c3
91. Rh3 c2 0-1

[Event "III Open FIDE"]
[Site "Forli' ITA"]
[Date "1990.09.12"]
[Round "5"]
[White "Mauro, Alan"]
[Black "Bode, Ulf"]
[WhiteElo "2225"]
[BlackElo "2250"]
[Result "1/2-1/2"]
[PlyCount "106"]
[EventDate "1990.09.08"]

1. e4 e5 2. Nf3 Nc6 3. Bb5 a6 4. Ba4 Nf6 5. d4 exd4 6. O-O Be7 7. Re1 O-O 8. e5
Ne8 9. c3 dxc3 10. Nxc3 d6 11. Bxc6 bxc6 12. Nd4 Bd7 13. Qf3 d5 14. Bf4 c5 15.
Nxd5 Rb8 16. Nxe7+ Qxe7 17. Nc6 Bxc6 18. Qxc6 Rb6 19. Qd5 c6 20. Qd2 Nc7 21.
Bg5 Qe8 22. Qd6 Qb8 23. b3 Re8 24. Rac1 Ne6 25. Qxb8 Rexb8 26. Be7 Rb5 27. Red1
g5 28. Kf1 Kg7 29. Rc3 Ra5 30. Rd2 Rb4 31. f3 Rd4 32. Rdc2 Rd1+ 33. Kf2 Nd4 34.
Rb2 Ne6 35. g3 Kg6 36. a4 Kf5 37. g4+ Kxe5 38. Re3+ Kd5 39. Ke2 Rh1 40. Kd3 Nd4
41. Bd8 Nxb3 42. Rxb3 c4+ 43. Kc3 Rxa4 44. Bc7 Rc1+ 45. Kd2 Rg1 46. Rb2 f6 47.
Rc2 c5 48. Re2 Ra3 49. Rc3 Ra2+ 50. Ke3 Rxe2+ 51. Kxe2 Kd4 52. Rc2 Rg2+ 53. Kd1
Rg1+ 1/2-1/2

[Event "III Open FIDE"]
[Site "Forli' ITA"]
[Date "1990.09.12"]
[Round "5"]
[White "Oesterle, Peter"]
[Black "Meduna, Eduard"]
[WhiteElo "2260"]
[BlackElo "2500"]
[Result "0-1"]
[PlyCount "44"]
[EventDate "1990.09.08"]

1. e4 c6 2. d4 d5 3. e5 Bf5 4. Nc3 e6 5. g4 Bg6 6. Nge2 f6 7. Nf4 Bf7 8. Nd3
Nd7 9. Bf4 h5 10. exf6 Qxf6 11. Be5 Nxe5 12. Nxe5 hxg4 13. Nxf7 Kxf7 14. Be2
Nh6 15. Qd3 Qf4 16. Qe3 Bd6 17. Rd1 Rae8 18. Qxf4+ Bxf4 19. O-O Nf5 20. Bxg4
Rxh2 21. Ne2 Bd6 22. Ng3 Bxg3 0-1

[Event "III Open FIDE"]
[Site "Forli' ITA"]
[Date "1990.09.12"]
[Round "5"]
[White "Soylu, Suat"]
[Black "Rossi, Carlo"]
[WhiteElo "2320"]
[BlackElo "2280"]
[Result "0-1"]
[PlyCount "68"]
[EventDate "1990.09.08"]

1. d4 Nc6 2. e4 d6 3. Nf3 Nf6 4. Nc3 Bg4 5. Be2 e6 6. O-O Be7 7. Be3 d5 8. exd5
Nxd5 9. Nxd5 exd5 10. c3 O-O 11. h3 Bh5 12. Bf4 Bd6 13. Qd2 Re8 14. Rfe1 Bxf4
15. Qxf4 Re4 16. Qg3 Bg6 17. Nd2 Re7 18. Bb5 Qd7 19. Nf3 Rae8 20. Rxe7 Rxe7 21.
Ne5 Qe8 22. f3 Nxd4 23. Nxg6 hxg6 24. Bxe8 Ne2+ 25. Kf2 Nxg3 26. Bxf7+ Kxf7 27.
Kxg3 Re2 28. Rb1 g5 29. a4 c5 30. b4 c4 31. a5 Ke6 32. Rc1 d4 33. cxd4 Kd5 34.
Rf1 c3 0-1

[Event "III Open FIDE"]
[Site "Forli' ITA"]
[Date "1990.09.12"]
[Round "5"]
[White "Tagnon, Nicole"]
[Black "Grassi, Mario"]
[WhiteElo "2130"]
[BlackElo "2210"]
[Result "0-1"]
[PlyCount "54"]
[EventDate "1990.09.08"]

1. e4 e6 2. d4 d5 3. Nd2 a6 4. c3 c5 5. e5 Bd7 6. Ndf3 cxd4 7. Nxd4 Nc6 8. Ngf3
f6 9. Bd3 fxe5 10. Nxc6 bxc6 11. Nxe5 Nf6 12. Bg5 Bd6 13. f4 O-O 14. Qc2 Qc7
15. Bxf6 Rxf6 16. Bxh7+ Kh8 17. O-O Bxe5 18. fxe5 Qxe5 19. Rxf6 Qxf6 20. Rf1
Qh4 21. Bd3 e5 22. g3 Qg5 23. Bxa6 Qe3+ 24. Kh1 Bh3 25. Bb7 Bxf1 26. Bxa8 Bd3
27. Qd1 Be4+ 0-1

[Event "III Open FIDE"]
[Site "Forli' ITA"]
[Date "1990.09.12"]
[Round "5"]
[White "Vezzosi, Paolo"]
[Black "Cvitan, Ognjen"]
[WhiteElo "2325"]
[BlackElo "2515"]
[Result "1/2-1/2"]
[PlyCount "44"]
[EventDate "1990.09.08"]

1. d4 Nf6 2. Nf3 g6 3. Bg5 Bg7 4. Nbd2 c5 5. Bxf6 Bxf6 6. Ne4 Bxd4 7. Nxd4 cxd4
8. Qxd4 O-O 9. c4 Nc6 10. Qd2 d6 11. b3 Qb6 12. g3 Qd4 13. Qxd4 Nxd4 14. O-O-O
Ne6 15. Bg2 Bd7 16. Nc3 Bc6 17. Bxc6 bxc6 18. Na4 c5 19. Nc3 Nc7 20. Nd5 Nxd5
21. Rxd5 a5 22. a4 f6 1/2-1/2

[Event "III Open FIDE"]
[Site "Forli' ITA"]
[Date "1990.09.13"]
[Round "6"]
[White "Antonsen, Mikkel"]
[Black "Joksic, Sinisa"]
[WhiteElo "2355"]
[BlackElo "2320"]
[Result "1/2-1/2"]
[PlyCount "126"]
[EventDate "1990.09.08"]

1. d4 g6 2. c4 c5 3. d5 e5 4. Nc3 d6 5. e4 Bg7 6. Be2 Nh6 7. Nf3 O-O 8. h4 f6
9. Nd2 f5 10. h5 f4 11. hxg6 hxg6 12. g3 Qf6 13. g4 Nf7 14. f3 Ng5 15. Kf2 Na6
16. Qa4 Nc7 17. a3 Rf7 18. b4 b6 19. bxc5 dxc5 20. Nb5 Bd7 21. Qb3 Ne8 22. a4
a6 23. Nc3 Nd6 24. Rb1 Rb8 25. Ba3 Rb7 26. Qc2 Bxg4 27. fxg4 f3 28. Bd3 Qf4 29.
Rbg1 Bf8 30. Nf1 Rh7 31. Bc1 Rxh1 32. Rxh1 Qxg4 33. Ne3 Nh3+ 34. Kf1 Qh4 35.
Qh2 Rh7 36. Bd2 Rh5 37. Ned1 Qg4 38. Ne3 Qg5 39. Ned1 Nf4 40. Bxf4 Qxf4 41. Qg1
Rxh1 42. Qxh1 Nf7 43. Nf2 Ng5 44. Ncd1 Qc1 45. Qh4 b5 46. axb5 axb5 47. Kg1
bxc4 48. Bxc4 Nf7 49. Bf1 c4 50. Qg4 c3 51. Qxg6+ Bg7 52. Nxc3 Qxc3 53. Qe6 Qd2
54. Qc8+ Bf8 55. Qg4+ Qg5 56. Bh3 Bc5 57. Kf1 Qxg4 58. Bxg4 Ng5 59. Nd3 Bd4 60.
d6 Kf8 61. d7 Bb6 62. Nxe5 Nxe4 63. Bxf3 Nd2+ 1/2-1/2

[Event "III Open FIDE"]
[Site "Forli' ITA"]
[Date "1990.09.13"]
[Round "6"]
[White "Atalik, Suat"]
[Black "Oesterle, Peter"]
[WhiteElo "2415"]
[BlackElo "2260"]
[Result "1-0"]
[PlyCount "97"]
[EventDate "1990.09.08"]

1. d4 d5 2. Nf3 Nf6 3. c4 dxc4 4. e3 Bg4 5. Bxc4 e6 6. Nc3 Nbd7 7. h3 Bh5 8.
O-O Bd6 9. Be2 O-O 10. b3 c6 11. Bb2 Qe7 12. Nd2 Bxe2 13. Qxe2 e5 14. dxe5 Nxe5
15. Rad1 Rad8 16. Nce4 Nxe4 17. Nxe4 Bc7 18. Ng3 Qh4 19. e4 Rfe8 20. Qe3 Bb6
21. Bd4 Rxd4 22. Rxd4 Nd7 23. Qc3 Bxd4 24. Qxd4 Nb6 25. Nf5 Qf6 26. Qxf6 gxf6
27. Rd1 h5 28. f3 Kh7 29. a4 a5 30. Kf2 Kg6 31. Kg3 Kg5 32. h4+ Kg6 33. Kf4 Kh7
34. Rd6 Re6 35. Rd8 c5 36. Rf8 c4 37. bxc4 Nxa4 38. Rxf7+ Kg8 39. Nh6+ Kh8 40.
Kf5 Nc5 41. Rc7 Rc6 42. Rxc6 bxc6 43. Kxf6 a4 44. Nf5 Nb3 45. Ne3 Nd4 46. e5
Kg8 47. e6 Kf8 48. e7+ Ke8 49. c5 1-0

[Event "III Open FIDE"]
[Site "Forli' ITA"]
[Date "1990.09.13"]
[Round "6"]
[White "Hug, Marcel"]
[Black "Testa, Armando"]
[WhiteElo "2265"]
[BlackElo "2220"]
[Result "1-0"]
[PlyCount "71"]
[EventDate "1990.09.08"]

1. d4 d5 2. c4 e6 3. g3 Nf6 4. Bg2 Be7 5. Nf3 O-O 6. O-O Nbd7 7. Qc2 c6 8. Rd1
Ne4 9. Ne5 f5 10. f3 Nd6 11. c5 Nf7 12. Nd3 Bf6 13. Be3 e5 14. dxe5 Nfxe5 15.
Nd2 Qe7 16. Bf2 Re8 17. Re1 g6 18. Rac1 Qg7 19. Nf4 Nf8 20. e4 fxe4 21. fxe4
Ng4 22. exd5 Bd4 23. Rxe8 Bxf2+ 24. Kh1 Bf5 25. Rxa8 Bxc2 26. Ne6 Bxc5 27. Nxg7
Nf2+ 28. Kg1 Nd3+ 29. Kf1 Nxc1 30. Ne6 Bd6 31. Nxf8 Bxf8 32. dxc6 bxc6 33. Bxc6
Nd3 34. Bd5+ Kg7 35. Rxa7+ Kf6 36. Rf7+ 1-0

[Event "III Open FIDE"]
[Site "Forli' ITA"]
[Date "1990.09.13"]
[Round "6"]
[White "Kaiser, Dieter"]
[Black "Bode, Ulf"]
[WhiteElo "2290"]
[BlackElo "2250"]
[Result "1/2-1/2"]
[PlyCount "75"]
[EventDate "1990.09.08"]

1. d4 Nf6 2. c4 g6 3. Nc3 Bg7 4. e4 d6 5. h3 O-O 6. Bg5 Na6 7. Nf3 c6 8. Be2 e5
9. d5 h6 10. Be3 Qa5 11. Nd2 Ne8 12. a3 f5 13. b4 Qd8 14. f3 Bf6 15. Qc2 Bh4+
16. Kd1 f4 17. Bg1 Bd7 18. Kc1 Be1 19. dxc6 bxc6 20. Kb2 Bxd2 21. Qxd2 Nac7 22.
Rb1 Be6 23. Bf2 Rf7 24. Rhd1 Rd7 25. Qc2 Kg7 26. Qa4 d5 27. Qxc6 Rd6 28. Qa4 d4
29. Nd5 Nxd5 30. exd5 Rxd5 31. cxd5 Qxd5 32. Rd2 Qa2+ 33. Kc1 Rc8+ 34. Rc2 Bf5
35. Rbb2 Qa1+ 36. Rb1 Qa2 37. Rbb2 Qa1+ 38. Rb1 1/2-1/2

[Event "III Open FIDE"]
[Site "Forli' ITA"]
[Date "1990.09.13"]
[Round "6"]
[White "Lagrotteria, Salvatore"]
[Black "Mauro, Alan"]
[WhiteElo "2240"]
[BlackElo "2225"]
[Result "0-1"]
[PlyCount "102"]
[EventDate "1990.09.08"]

1. Nf3 Nf6 2. g3 g6 3. Bg2 Bg7 4. O-O O-O 5. d3 d6 6. e4 e5 7. c3 Nc6 8. b4 a6
9. Qc2 Bd7 10. Bb2 Qc8 11. Nbd2 Bh3 12. a3 Bxg2 13. Kxg2 Nh5 14. h3 Kh8 15. d4
f5 16. exf5 Qxf5 17. Qxf5 gxf5 18. Nb3 e4 19. Ng5 Rae8 20. d5 Nd8 21. Nd4 Bxd4
22. cxd4 h6 23. Ne6 Nxe6 24. dxe6 d5 25. Rac1 c6 26. a4 Rxe6 27. b5 axb5 28.
axb5 f4 29. bxc6 bxc6 30. Rc3 Kh7 31. Bc1 Rg6 32. Re1 Rfg8 33. g4 Rf8 34. Ba3
Rf7 35. Kf1 Ng7 36. f3 e3 37. Ke2 Ra7 38. Kd3 Ne6 39. Bd6 Ra2 40. Rxc6 Rd2+ 41.
Kc3 Nxd4 42. Rc7+ Kg8 43. Rc8+ Kf7 44. Bxf4 Ne2+ 45. Rxe2 d4+ 46. Kc4 Rxe2 47.
Kxd4 Re6 48. Be5 Re1 49. f4 Ra6 50. Rc7+ Ke8 51. f5 Rd1+ 0-1

[Event "III Open FIDE"]
[Site "Forli' ITA"]
[Date "1990.09.13"]
[Round "6"]
[White "Meduna, Eduard"]
[Black "Berg, Klaus"]
[WhiteElo "2500"]
[BlackElo "2445"]
[Result "1/2-1/2"]
[PlyCount "82"]
[EventDate "1990.09.08"]

1. d4 Nf6 2. Nf3 g6 3. Bg5 Bg7 4. Nbd2 O-O 5. e4 d6 6. Bc4 c6 7. Bb3 d5 8. exd5
cxd5 9. h3 Nc6 10. c3 Bf5 11. O-O b5 12. Re1 Rc8 13. Ne5 Be6 14. Nd3 h6 15.
Bxf6 exf6 16. Nf4 Qd7 17. Nxe6 fxe6 18. Qg4 Kf7 19. Re3 h5 20. Qe2 b4 21. Re1
bxc3 22. bxc3 Rfe8 23. f4 f5 24. Ba4 Re7 25. Nb3 Qd6 26. Qa6 Qc7 27. Nc5 Nxd4
28. Nxe6 Nxe6 29. Rxe6 Qc5+ 30. Kh2 Rcc7 31. Bb3 Bxc3 32. R1e2 h4 33. Rd6 Qb4
34. Bxd5+ Ke8 35. Rxe7+ Kxe7 36. Re6+ Kd7 37. Re4 fxe4 38. Qe6+ Kd8 39. Qg8+
Kd7 40. Qe6+ Kd8 41. Qg8+ Kd7 1/2-1/2

[Event "III Open FIDE"]
[Site "Forli' ITA"]
[Date "1990.09.13"]
[Round "6"]
[White "Pieri, Filippo"]
[Black "Drei, Andrea"]
[WhiteElo "2305"]
[BlackElo "2265"]
[Result "0-1"]
[PlyCount "102"]
[EventDate "1990.09.08"]

1. e4 c5 2. Nf3 e6 3. d4 cxd4 4. Nxd4 Nc6 5. Nc3 Qc7 6. f4 a6 7. Be2 b5 8. Nxc6
Qxc6 9. Bf3 Bb7 10. e5 Qc7 11. Ne4 Rc8 12. Be3 Bxe4 13. Bxe4 d5 14. Bd3 Bc5 15.
Qe2 Ne7 16. Bxc5 Qxc5 17. O-O-O Nc6 18. f5 Nd4 19. Qg4 Nxf5 20. Bxf5 exf5 21.
Qxf5 O-O 22. Rhe1 g6 23. Qd3 Rfe8 24. Re2 Rcd8 25. h4 d4 26. Rde1 Re6 27. Re4
Rd5 28. Rd1 Rexe5 29. Rxe5 Rxe5 30. Qxd4 Qxd4 31. Rxd4 Re2 32. Rd6 Rxg2 33.
Rxa6 f5 34. Kd1 Kf7 35. a4 bxa4 36. Rxa4 Ke6 37. h5 g5 38. Ra7 f4 39. Rxh7 f3
40. Ke1 Rxc2 41. Rg7 Kf5 42. h6 Rxb2 43. h7 Rh2 44. Rf7+ Kg4 45. Rg7 Kf4 46.
Kf1 g4 47. Kg1 Rh5 48. Kf2 g3+ 49. Ke1 Rh1+ 50. Kd2 g2 51. Rf7+ Kg3 0-1

[Event "III Open FIDE"]
[Site "Forli' ITA"]
[Date "1990.09.13"]
[Round "6"]
[White "Polaczek, Richard"]
[Black "Barbero, Gerardo F."]
[WhiteElo "2420"]
[BlackElo "2475"]
[Result "1/2-1/2"]
[PlyCount "51"]
[EventDate "1990.09.08"]

1. e4 c5 2. Nf3 d6 3. d4 cxd4 4. Nxd4 Nf6 5. Nc3 Nc6 6. Be2 e6 7. O-O Be7 8. f4
O-O 9. Kh1 Bd7 10. Be3 Nxd4 11. Bxd4 Bc6 12. Bd3 Qb8 13. e5 dxe5 14. Bxe5 Qc8
15. Qe2 g6 16. Ne4 Nxe4 17. Bxe4 b5 18. Rad1 Qb7 19. Bxc6 Qxc6 20. Bd4 Rfd8 21.
Qe5 f6 22. Qe3 Kf7 23. Rde1 Rd5 24. c3 Qd7 25. Rf2 a5 26. Rfe2 1/2-1/2

[Event "III Open FIDE"]
[Site "Forli' ITA"]
[Date "1990.09.13"]
[Round "6"]
[White "Rossi, Carlo"]
[Black "Arduman, Can"]
[WhiteElo "2280"]
[BlackElo "2375"]
[Result "0-1"]
[PlyCount "76"]
[EventDate "1990.09.08"]

1. d3 d5 2. Nd2 e5 3. Ngf3 Nc6 4. e4 Nf6 5. Be2 Be7 6. c3 a5 7. b3 O-O 8. a3
Nh5 9. O-O Nf4 10. Re1 Nxe2+ 11. Qxe2 dxe4 12. dxe4 b6 13. Bb2 Ba6 14. Nc4 Qc8
15. Rad1 Qe6 16. Rd5 Bf6 17. Red1 a4 18. b4 Bxc4 19. Qxc4 Ne7 20. Qxc7 Nxd5 21.
exd5 Qf5 22. Ne1 b5 23. Qc6 Rab8 24. d6 Qe6 25. Qd5 Qxd5 26. Rxd5 Rfd8 27. Nd3
Be7 28. d7 Rb7 29. Nxe5 f6 30. Nc6 Rdxd7 31. Rxd7 Rxd7 32. Kf1 Bd8 33. Ke2 Bb6
34. Nb8 Rd6 35. Na6 Rc6 36. Nb8 Re6+ 37. Kf3 Rd6 38. Na6 Rd2 0-1

[Event "III Open FIDE"]
[Site "Forli' ITA"]
[Date "1990.09.13"]
[Round "6"]
[White "Sakhatova, Gulnar"]
[Black "Cvitan, Ognjen"]
[WhiteElo "2315"]
[BlackElo "2515"]
[Result "1/2-1/2"]
[PlyCount "20"]
[EventDate "1990.09.08"]

1. d4 Nf6 2. c4 g6 3. Nc3 Bg7 4. Nf3 O-O 5. g3 c6 6. Bg2 d5 7. O-O dxc4 8. Ne5
Ng4 9. Nf3 Nf6 10. Ne5 Ng4 1/2-1/2

[Event "III Open FIDE"]
[Site "Forli' ITA"]
[Date "1990.09.13"]
[Round "6"]
[White "Schneider, Bernd"]
[Black "Pozzi, Enrico"]
[WhiteElo "2280"]
[BlackElo "2255"]
[Result "1/2-1/2"]
[PlyCount "83"]
[EventDate "1990.09.08"]

1. e4 b6 2. c4 Bb7 3. Nc3 e6 4. a3 Nf6 5. e5 Ne4 6. Qg4 f5 7. exf6 Nxf6 8. Qh3
Nc6 9. Nf3 Qe7 10. d4 e5 11. dxe5 Nxe5 12. Nxe5 Qxe5+ 13. Be2 Bc5 14. O-O O-O
15. Bd2 Ne4 16. Nxe4 Bxe4 17. Bg4 Bf5 18. Bc3 Qf4 19. Bxf5 Rxf5 20. Rad1 Bxf2+
21. Kh1 Rf7 22. Rxd7 Qxc4 23. Rdd1 Bc5 24. Rxf7 Qxf7 25. Be5 Re8 26. Qc3 h6 27.
h3 Qe7 28. Qc4+ Kh8 29. Re1 Kh7 30. Qd3+ Kg8 31. Qc4+ Qf7 32. Qxf7+ Kxf7 33.
Rf1+ Kg6 34. Bxc7 Bd4 35. b3 Re3 36. Rb1 Kf5 37. a4 a6 38. Rd1 Re4 39. g4+ Ke6
40. Rd3 b5 41. axb5 axb5 42. Kg2 1/2-1/2

[Event "III Open FIDE"]
[Site "Forli' ITA"]
[Date "1990.09.13"]
[Round "6"]
[White "Stelzer, Harald"]
[Black "Grassi, Mario"]
[WhiteElo "2240"]
[BlackElo "2210"]
[Result "1-0"]
[PlyCount "111"]
[EventDate "1990.09.08"]

1. d4 d6 2. c4 e5 3. dxe5 dxe5 4. Qb3 Nc6 5. e3 Nf6 6. Nc3 Bb4 7. a3 Bxc3+ 8.
Qxc3 O-O 9. Nf3 Re8 10. h3 Ne4 11. Qc2 Bf5 12. Qb3 Nc5 13. Qc3 a5 14. b3 Nd4
15. Ra2 a4 16. b4 Ne4 17. Qb2 Nb3 18. Be2 Qf6 19. O-O Ng5 20. Kh2 Nxh3 21. gxh3
Bxh3 22. Kxh3 Qf5+ 23. Kg2 Ra6 24. Rg1 Nxc1 25. Qxc1 e4 26. Nh2 Rh6 27. Kh1
Rxh2+ 28. Kxh2 Re6 29. f4 exf3 30. Bxf3 Qxf3 31. Rgg2 Rxe3 32. Qd2 h6 33. Qd8+
Kh7 34. Qh4 Re4 35. Qf2 Qh5+ 36. Kg1 Qe5 37. Re2 Qa1+ 38. Qf1 Qd4+ 39. Ref2 f5
40. Kh1 f4 41. Qb1 Kg8 42. Re2 Rxe2 43. Rxe2 f3 44. Re8+ Kf7 45. Qe1 Qf6 46.
Rc8 Qc6 47. Qf2 g5 48. Kg1 g4 49. Qg3 Qe6 50. Rxc7+ Kg6 51. Qf2 h5 52. Rxb7
Qxc4 53. Qb6+ Kf5 54. Qc5+ Qxc5+ 55. bxc5 Ke6 56. Rh7 1-0